[Event "World Blitz Women 2025"]
[Site "Doha QAT"]
[Date "2025.12.29"]
[Round "10.19"]
[White "Kamalidenova, Meruert"]
[Black "Jiang, Tianyu"]
[Result "1-0"]
[WhiteTitle "IM"]
[WhiteElo "2366"]
[BlackElo "2224"]
[WhiteFideId "13712802"]
[BlackFideId "8627215"]
[EventDate "2025.12.29"]

1. e4 c5 2. Nf3 e6 3. c3 Nf6 4. e5 Nd5 5. d4 cxd4 6. cxd4 b6 7. Bd2 Bb7 8. Nc3
Nxc3 9. Bxc3 Bd5 10. h4 Nc6 11. Bd3 Bb4 12. h5 Qe7 13. Kf1 Rc8 14. Rh3 Bxc3 15.
bxc3 Na5 16. Qc1 d6 17. h6 g6 18. Nh2 dxe5 19. dxe5 f5 20. exf6 Qxf6 21. Ng4 Qe7
22. Qf4 Rf8 23. Bb5+ Kd8 24. Qd2 Qc5 25. Be2 Nc4 26. Qg5+ Kc7 27. Kg1 Rf5 28.
Qh4 Rcf8 29. Qg3+ Kb7 30. Bxc4 Qxc4 31. Re1 Rf4 32. Ne5 Qc5 33. Nd3 Qc4 34. Nxf4
Rxf4 35. Qe3 Rf7 36. Qe5 Qxa2 37. Qd4 Qc2 38. Rhe3 Qf5 39. Re5 Qf6 40. c4 Bc6
41. Qd2 Qh4 42. Rxe6 Rd7 43. Qe3 Qg4 44. f3 Qxc4 45. Rf6 Qd5 46. Rf8 Rc7 47. Ra1
Qd6 48. Rh8 Qf6 49. Rxa7+ Kxa7 50. Qa3+ 1-0

[Event "World Blitz Women 2025"]
[Site "Doha QAT"]
[Date "2025.12.29"]
[Round "10.20"]
[White "Buksa, Nataliya"]
[Black "Yakimova, Mariya"]
[Result "1-0"]
[WhiteTitle "IM"]
[BlackTitle "WFM"]
[WhiteElo "2397"]
[BlackElo "2241"]
[WhiteFideId "14123622"]
[BlackFideId "34188859"]
[EventDate "2025.12.29"]

1. d4 d5 2. Nf3 Nf6 3. e3 e6 4. Bd3 Bd6 5. b3 Qe7 6. Bb2 O-O 7. O-O a5 8. a4
Nbd7 9. Ne5 Re8 10. Nd2 Nf8 11. f4 c5 12. c4 b6 13. Qc2 Bb7 14. Rac1 Rac8 15.
Qb1 Bxe5 16. fxe5 Ng4 17. Rce1 Qh4 18. Nf3 Qh6 19. h3 dxc4 20. Be4 Bxe4 21. Qxe4
f5 22. Qf4 Ng6 23. Qxh6 Nxh6 24. dxc5 Rxc5 25. Bd4 Rc6 26. bxc4 Rxc4 27. Ra1 Rb4
28. Rfb1 Ra8 29. Rxb4 axb4 30. Bxb6 Nf7 31. a5 Ngxe5 32. a6 Nxf3+ 33. gxf3 Nd6
34. Bc5 Nc4 35. Bxb4 Nxe3 36. Bc5 Nd5 37. a7 Kf7 38. Rb1 Nc7 39. Rb7 Rc8 40. Bb6 1-0

[Event "World Blitz Women 2025"]
[Site "Doha QAT"]
[Date "2025.12.29"]
[Round "10.21"]
[White "Iudina, Veronika"]
[Black "Bulmaga, Irina"]
[Result "1-0"]
[WhiteTitle "WFM"]
[BlackTitle "IM"]
[WhiteElo "2204"]
[BlackElo "2389"]
[WhiteFideId "24277916"]
[BlackFideId "13903063"]
[EventDate "2025.12.29"]

1. e4 e5 2. Nf3 Nc6 3. Bb5 a6 4. Ba4 d6 5. c3 Bd7 6. O-O Nf6 7. Re1 g6 8. d4 Bg7
9. d5 Ne7 10. Bxd7+ Nxd7 11. c4 h6 12. Nc3 f5 13. exf5 Nxf5 14. b4 O-O 15. Ne4
a5 16. bxa5 Rxa5 17. Bd2 Ra8 18. a4 Nf6 19. Rb1 Nxe4 20. Rxe4 b6 21. Rb5 Qf6 22.
Be1 Ne7 23. a5 bxa5 24. Bxa5 Ra7 25. Bc3 g5 26. h3 Ng6 27. c5 Nh4 28. Re3 Nf5
29. Re2 Ra3 30. Qc1 Ra4 31. Nd2 Nh4 32. c6 Rf4 33. Qe1 Qf5 34. Ne4 Rf3 35. Kh2
Rxh3+ 36. Kg1 Rf3 37. Ng3 Qf7 38. Qd2 Rf4 39. Ba5 Nf5 40. Nxf5 Rxf5 41. Rb7 Rc8
42. Qd3 Rf6 43. Reb2 Rf4 44. Rb8 Rxb8 45. Rxb8+ Bf8 46. Rb2 Kg7 47. Qd2 h5 48.
Rb7 Ra4 49. Rxc7 Ra1+ 50. Kh2 Be7 51. Rd7 Rxa5 52. Rxe7 Qxe7 53. Qxa5 Qf7 54.
Qd2 Kh6 55. g3 Qe7 56. Qc2 Qc7 57. Qf5 h4 58. Qe6+ Kg7 59. Qd7+ Qxd7 60. cxd7
hxg3+ 61. Kxg3 1-0

[Event "World Blitz Women 2025"]
[Site "Doha QAT"]
[Date "2025.12.29"]
[Round "10.22"]
[White "Khamdamova, Afruza"]
[Black "Ju, Wenjun"]
[Result "1/2-1/2"]
[WhiteTitle "WGM"]
[BlackTitle "GM"]
[WhiteElo "2403"]
[BlackElo "2565"]
[WhiteFideId "14210444"]
[BlackFideId "8603006"]
[EventDate "2025.12.29"]

1. e4 e6 2. d4 d5 3. Nd2 c5 4. exd5 exd5 5. Ngf3 Nf6 6. Bb5+ Nc6 7. O-O cxd4 8.
Nxd4 Bd7 9. N2b3 Be7 10. Bf4 O-O 11. c3 Re8 12. Bd3 a6 13. Nf5 Bxf5 14. Bxf5 Bd6
15. Qf3 Bxf4 16. Qxf4 Qb6 17. Rad1 a5 18. Rd2 h6 19. Nd4 Ne5 20. b3 Qc5 21. Qg3
Nc6 22. Rfd1 Nxd4 23. cxd4 Qb4 24. h3 Re7 25. Kh2 Rae8 26. Bd3 Ne4 27. Bxe4 Rxe4
28. Qc7 R8e7 29. Qc8+ Kh7 30. Qf5+ g6 31. Qxd5 Kg7 32. Qc5 Qxc5 33. dxc5 R4e5
34. Rc2 Rc7 35. Rdc1 g5 36. c6 bxc6 37. Rxc6 Rxc6 38. Rxc6 Re2 39. Ra6 Rxa2 40.
f3 h5 41. h4 gxh4 42. Kh3 f6 43. Kxh4 Kg6 44. g4 hxg4 45. Kxg4 Ra3 1/2-1/2

[Event "World Blitz Women 2025"]
[Site "Doha QAT"]
[Date "2025.12.29"]
[Round "10.23"]
[White "Rakshitta, Ravi"]
[Black "Tan, Zhongyi"]
[Result "1-0"]
[WhiteTitle "WGM"]
[BlackTitle "GM"]
[WhiteElo "2381"]
[BlackElo "2524"]
[WhiteFideId "25073230"]
[BlackFideId "8603642"]
[EventDate "2025.12.29"]

1. e4 e5 2. Nf3 Nc6 3. Bb5 a6 4. Ba4 Nf6 5. O-O Be7 6. Bxc6 dxc6 7. Re1 Qd6 8.
Na3 b5 9. h3 c5 10. c3 Bb7 11. d3 Rd8 12. Qe2 O-O 13. Rd1 Bxe4 14. Bg5 Bxd3 15.
Qxe5 c4 16. Re1 Qxe5 17. Nxe5 Bc5 18. Rad1 Rfe8 19. Nxd3 Rxe1+ 20. Rxe1 cxd3 21.
Nb1 h6 22. Bxf6 gxf6 23. Nd2 Kg7 24. g4 Bb6 25. Kg2 f5 26. gxf5 Kf6 27. Kf3 Rd5
28. Ne4+ Kxf5 29. Rd1 c5 30. b3 c4 31. Nd2 Rc5 32. bxc4 bxc4 33. Rb1 Ba5 34. Rb7
Bxc3 35. Ne4 Bd4 36. Nxc5 Bxc5 37. Rc7 d2 38. Ke2 Bxf2 39. Rxf7+ Ke4 40. Rxf2 c3
41. Rf6 Kd5 1-0

[Event "World Blitz Women 2025"]
[Site "Doha QAT"]
[Date "2025.12.29"]
[Round "10.24"]
[White "Koneru, Humpy"]
[Black "Pham, Le Thao Nguyen"]
[Result "0-1"]
[WhiteTitle "GM"]
[BlackTitle "IM"]
[WhiteElo "2535"]
[BlackElo "2348"]
[WhiteFideId "5008123"]
[BlackFideId "12401226"]
[EventDate "2025.12.29"]

1. Nf3 d5 2. b3 c6 3. Bb2 Bf5 4. g3 e6 5. Bg2 Nf6 6. d3 Be7 7. Nbd2 h6 8. O-O
O-O 9. a3 a5 10. Qe1 Bh7 11. e4 Re8 12. Qe2 c5 13. Rad1 Nc6 14. Rfe1 a4 15. bxa4
Rxa4 16. exd5 Nxd5 17. c4 Nf6 18. Ne4 Bxe4 19. dxe4 Qc7 20. e5 Nd7 21. Nd2 Nd4
22. Qe4 b6 23. Bxd4 cxd4 24. Qxd4 Bc5 25. Qf4 Nf8 26. Ne4 Rxc4 27. Rc1 Rxc1 28.
Rxc1 Ng6 29. Qg4 Qxe5 30. Nxc5 bxc5 31. a4 Qb2 32. Qc4 Qa3 33. Bc6 Rd8 34. Bb5
Ne5 35. Qc3 Rd1+ 36. Kg2 Qxc1 37. Qxe5 Rg1+ 38. Kh3 Qg5 39. Qb8+ Kh7 40. Bd3+ f5 0-1

[Event "World Blitz Women 2025"]
[Site "Doha QAT"]
[Date "2025.12.29"]
[Round "10.25"]
[White "Kosteniuk, Alexandra"]
[Black "Mammadova, Gulnar"]
[Result "1-0"]
[WhiteTitle "GM"]
[BlackTitle "IM"]
[WhiteElo "2483"]
[BlackElo "2330"]
[WhiteFideId "4128125"]
[BlackFideId "13403508"]
[EventDate "2025.12.29"]

1. e4 e5 2. Nf3 Nc6 3. Bc4 Nf6 4. d3 Bc5 5. a3 a6 6. Qe2 h6 7. Be3 d6 8. Nbd2
Bxe3 9. fxe3 Be6 10. Bxe6 fxe6 11. O-O-O Qd7 12. d4 exd4 13. exd4 O-O-O 14. Nb3
Qe7 15. Rhf1 g5 16. Qe3 Rhf8 17. Rde1 Kb8 18. Qd3 Nd7 19. Nfd2 Rxf1 20. Rxf1 Rf8
21. Rf3 g4 22. Rxf8+ Qxf8 23. Qg3 h5 24. c3 Ne7 25. Na5 Ng6 26. c4 Kc8 27. Kd1
Qf4 28. Qxf4 Nxf4 29. g3 Ng6 30. Ke2 e5 31. d5 Nf6 32. b4 h4 33. c5 hxg3 34.
hxg3 dxc5 35. bxc5 Nh5 36. Kf2 Nf6 37. Ke3 Nh5 38. Nf1 Ne7 39. Nc4 Ng6 40. a4
Kd7 41. Na5 b6 42. c6+ Kd6 43. Nb7+ Ke7 44. a5 bxa5 45. Nxa5 Kd8 46. Nb7+ Kc8
47. Nc5 a5 48. Kf2 Nf6 49. Nd2 Kb8 50. Nd7+ 1-0

[Event "World Blitz Women 2025"]
[Site "Doha QAT"]
[Date "2025.12.29"]
[Round "10.26"]
[White "Nomin-Erdene, Davaademberel"]
[Black "Kulon, Klaudia"]
[Result "1-0"]
[WhiteTitle "IM"]
[BlackTitle "IM"]
[WhiteElo "2312"]
[BlackElo "2335"]
[WhiteFideId "4900782"]
[BlackFideId "1131044"]
[EventDate "2025.12.29"]

1. f4 Nf6 2. Nf3 g6 3. g3 Bg7 4. Bg2 O-O 5. O-O c5 6. d3 d6 7. Nc3 Nc6 8. e4 Rb8
9. a4 a6 10. Kh1 b5 11. axb5 axb5 12. Nh4 Ne8 13. f5 b4 14. Nd5 e6 15. Ne3 Ne5
16. c3 bxc3 17. bxc3 Bb7 18. fxe6 fxe6 19. Rxf8+ Kxf8 20. Nf3 Nf7 21. Qc2 d5 22.
exd5 exd5 23. Ba3 Kg8 24. Bxc5 d4 25. Nxd4 Bxg2+ 26. Qxg2 Rc8 27. Nc6 Rxc6 28.
Qxc6 Nc7 29. Bb6 Be5 30. Bxc7 Qxc7 31. Qxc7 Bxc7 32. d4 Kf8 33. Kg2 Ke7 34. Nd5+ 1-0

[Event "World Blitz Women 2025"]
[Site "Doha QAT"]
[Date "2025.12.29"]
[Round "10.27"]
[White "Nguyen Hong Nhung"]
[Black "Bayasgalan, Khishigbaatar"]
[Result "1-0"]
[WhiteTitle "FM"]
[BlackTitle "WCM"]
[WhiteElo "2268"]
[BlackElo "2249"]
[WhiteFideId "12412201"]
[BlackFideId "4904311"]
[EventDate "2025.12.29"]

1. e4 c5 2. Nf3 d6 3. d4 cxd4 4. Nxd4 Nf6 5. Nc3 a6 6. Bg5 e6 7. f4 Nbd7 8. Qf3
Qc7 9. O-O-O Be7 10. g4 b5 11. Bxf6 Nxf6 12. g5 Nd7 13. f5 O-O 14. Rg1 b4 15.
Nce2 Kh8 16. Qh3 Ne5 17. Nf4 Qd8 18. g6 fxg6 19. fxg6 h6 20. Nfxe6 Bxe6 21. Nxe6
Qb6 22. Bd3 Rf6 23. Rdf1 Re8 24. Kb1 a5 25. Rg3 Rxf1+ 26. Qxf1 Bf6 27. Nf4 Qd4
28. Qg1 Qxg1+ 29. Rxg1 Nf3 30. Rg2 Bg5 31. Nd5 Nd2+ 32. Ka1 Rf8 33. a3 bxa3 34.
bxa3 Rb8 35. h4 Nf3 36. hxg5 Nxg5 37. Rf2 Kg8 38. Bc4 Kh8 39. Bd3 Re8 40. Re2 1-0

[Event "World Blitz Women 2025"]
[Site "Doha QAT"]
[Date "2025.12.29"]
[Round "10.28"]
[White "Cori T., Deysi"]
[Black "Tokhirjonova, Gulrukhbegim"]
[Result "0-1"]
[WhiteTitle "IM"]
[BlackTitle "IM"]
[WhiteElo "2349"]
[BlackElo "2372"]
[WhiteFideId "3801934"]
[BlackFideId "14203626"]
[EventDate "2025.12.29"]

1. d4 Nf6 2. Nf3 d5 3. g3 g6 4. Bg2 Bg7 5. O-O O-O 6. Nbd2 b6 7. a4 a5 8. Ne5
Bb7 9. c4 Nc6 10. Nxc6 Bxc6 11. Qc2 e6 12. Rd1 Qd7 13. Nf3 Bb7 14. Ne5 Qe7 15.
c5 bxc5 16. dxc5 Rfd8 17. c6 Ba6 18. Be3 Ne4 19. Nd7 Qb4 20. Bxe4 dxe4 21. Rd2
Bc4 22. Qxe4 Bd5 23. Qxb4 axb4 24. Bg5 Rdc8 25. Rc1 Rxa4 26. Nf6+ Bxf6 27. Bxf6
Ra6 28. Rdc2 b3 29. Rc5 Rb8 30. f3 Rbb6 31. e4 Bxc6 32. Rd1 Rb8 33. g4 h6 34. h4
Kh7 35. g5 h5 36. Rdc1 Be8 37. Rxc7 Kg8 38. Kf2 Kf8 39. Be7+ Kg8 40. Bf6 Kf8 41.
R1c4 Raa8 42. Ke3 Bb5 43. R4c5 Be8 44. Be5 Kg8 45. Bf6 Kf8 46. Kf4 Kg8 47. Be7
Kg7 48. Bd6 Kg8 49. Be5 Kf8 50. Rc3 Kg8 51. Re7 Rb5 52. Rcc7 Kf8 53. Rb7 Rxb7
54. Rxb7 Ba4 55. Bf6 Ke8 56. Re7+ Kf8 57. Rc7 Ke8 58. Ke5 Bd7 59. Rb7 Ra5+ 60.
Kd4 Ra8 61. Rxb3 Bc6 62. Ke3 Kd7 63. Rd3+ Kc7 64. Be5+ Kb7 65. Rb3+ Ka6 66. Kd4
Bb5 67. Kc5 Rc8+ 68. Kd6 Rd8+ 69. Ke7 Rd7+ 70. Kf6 Kb6 71. Ra3 Kc5 72. Rc3+ Kb6
73. Rc8 Rd3 74. f4 Rh3 75. Kxf7 Rxh4 76. Kxg6 Bd3 77. Kf6 Bxe4 78. Kxe6 Rg4 79.
Rh8 h4 80. Bf6 Kc5 81. Ke5 Bb1 82. b4+ Kc4 83. b5 Kc5 84. b6 Rg1 85. b7 Re1# 0-1

[Event "World Blitz Women 2025"]
[Site "Doha QAT"]
[Date "2025.12.29"]
[Round "10.29"]
[White "Yu, Jennifer"]
[Black "Tarasenka, Aliaksandra"]
[Result "0-1"]
[WhiteTitle "FM"]
[BlackTitle "WIM"]
[WhiteElo "2276"]
[BlackElo "2266"]
[WhiteFideId "2078341"]
[BlackFideId "13514288"]
[EventDate "2025.12.29"]

1. c4 e5 2. Nc3 Bb4 3. g3 Bxc3 4. dxc3 d6 5. Bg2 Nc6 6. e4 Be6 7. b3 Nge7 8. Ne2
Qd7 9. h3 O-O-O 10. Be3 Kb8 11. a4 h5 12. a5 a6 13. Qd3 f5 14. b4 fxe4 15. Bxe4
d5 16. cxd5 Bxd5 17. Bxd5 Nxd5 18. Bg5 Nf6 19. Qxd7 Rxd7 20. Rd1 Rxd1+ 21. Kxd1
Ne4 22. Be3 Rf8 23. f4 h4 24. gxh4 exf4 25. Rf1 Rd8+ 26. Bd4 Nxc3+ 27. Nxc3
Rxd4+ 28. Ke2 Rxb4 29. Rg1 f3+ 30. Kf2 Rxh4 31. Rxg7 Nxa5 32. Nd5 Rxh3 33. Nxc7
Nc6 34. Ne8 Rh6 35. Kxf3 a5 36. Ke4 Re6+ 0-1

[Event "World Blitz Women 2025"]
[Site "Doha QAT"]
[Date "2025.12.29"]
[Round "10.30"]
[White "Charvi A"]
[Black "Charkhalashvili, Inga"]
[Result "1/2-1/2"]
[WhiteTitle "WFM"]
[BlackTitle "WGM"]
[WhiteElo "2270"]
[BlackElo "2235"]
[WhiteFideId "25165518"]
[BlackFideId "13601431"]
[EventDate "2025.12.29"]

1. e4 c6 2. d4 d5 3. Nc3 dxe4 4. Nxe4 Nf6 5. Nxf6+ exf6 6. Be3 Bd6 7. Bd3 Be6 8.
Ne2 Qc7 9. c4 Nd7 10. h3 Bb4+ 11. Bd2 Qa5 12. Nc3 O-O 13. O-O Bxc3 14. Bxc3 Qc7
15. Qf3 Nb6 16. b3 Rad8 17. Bb2 Rfe8 18. Rfe1 h6 19. Rad1 Bc8 20. Bc2 Nd7 21.
Bb1 Nf8 22. d5 Rxe1+ 23. Rxe1 cxd5 24. cxd5 Qd6 25. Be4 Qb4 26. Bc3 Qa3 27. Qg3
Qa6 28. Qc7 Qd6 29. Qxd6 Rxd6 30. Bb4 Rd8 31. Be7 Re8 32. d6 f5 33. Bd3 a6 34.
Rc1 Ng6 35. Rc7 Nxe7 36. dxe7 g6 37. Bc4 Kg7 38. Bd5 Kf6 39. f4 a5 40. Kf2 Be6
41. Bxe6 fxe6 42. Rxb7 Rxe7 43. Rb5 Ra7 44. a4 g5 45. g3 h5 46. h4 gxf4 47. gxf4
Ke7 48. Ke3 Kd6 49. Kd4 Ra8 50. Rb6+ Kc7 51. Rxe6 Rb8 52. Re3 Kd6 53. Rd3 Rb4+
54. Ke3+ Ke6 55. Rc3 Kd6 56. Rd3+ Ke6 57. Kf3 Rb8 58. Re3+ Kf6 59. Kf2 Rb4 60.
Kg3 Rb8 61. Kf3 Rb4 62. Rc3 Rb6 63. Ke3 Ke6 64. Kd4 Rb4+ 65. Ke3 Rb6 66. Rd3 Rb4
67. Kf3 Rb8 1/2-1/2

[Event "World Blitz Women 2025"]
[Site "Doha QAT"]
[Date "2025.12.29"]
[Round "10.31"]
[White "Batsiashvili, Nino"]
[Black "Gu, Xiaobing"]
[Result "1-0"]
[WhiteTitle "GM"]
[BlackTitle "WGM"]
[WhiteElo "2462"]
[BlackElo "2106"]
[WhiteFideId "13602993"]
[BlackFideId "8602611"]
[EventDate "2025.12.29"]

1. d4 Nf6 2. c4 g6 3. Nc3 Bg7 4. e4 d6 5. Be2 O-O 6. Be3 c6 7. h3 a5 8. Nf3 Na6
9. O-O e5 10. dxe5 dxe5 11. Qxd8 Rxd8 12. Rfd1 Re8 13. Nd2 Bf8 14. Na4 Be6 15.
a3 Nd7 16. Nf3 h6 17. Rd2 f5 18. exf5 gxf5 19. Nb6 Nxb6 20. Bxb6 Bg7 21. Rad1 a4
22. Rd6 Bf8 23. R6d2 e4 24. Nd4 Bc5 25. Nxe6 Rxe6 26. Rd8+ Rxd8 27. Bxd8 Re8 28.
Bh5 Rf8 29. Ba5 f4 30. Bc3 e3 31. fxe3 Bxe3+ 32. Kf1 Nc5 33. Rd6 Ne4 34. Rg6+
Kf7 35. Rxh6+ Kg8 36. Rg6+ Kf7 37. Rxc6+ Kg8 38. Rg6+ Kh7 39. Rg7+ Kh6 40. Rf7
Rd8 41. Bf3 Ng3+ 42. Ke1 Re8 43. Kd1 Rd8+ 44. Kc2 Nf1 45. Rf6+ Kg5 46. Re6 Nd2
47. Bxd2 Rxd2+ 48. Kc3 Kf5 49. Re7 b6 50. h4 Rf2 51. h5 Rf1 52. Kb4 Bd4 53. Kxa4
Bxb2 54. Kb5 Bxa3 55. Rf7+ Ke6 56. Bd5+ Ke5 57. Kxb6 Rh1 58. Bf3 Rc1 59. Rc7 Kd4
60. h6 Rxc4 61. h7 Rb4+ 62. Ka7 Ra4+ 63. Kb8 Bd6 64. h8=Q+ 1-0

[Event "World Blitz Women 2025"]
[Site "Doha QAT"]
[Date "2025.12.29"]
[Round "10.32"]
[White "Vaishali, Rameshbabu"]
[Black "Girya, Olga"]
[Result "1-0"]
[WhiteTitle "GM"]
[BlackTitle "GM"]
[WhiteElo "2473"]
[BlackElo "2398"]
[WhiteFideId "5091756"]
[BlackFideId "4195752"]
[EventDate "2025.12.29"]

1. d4 Nf6 2. Nf3 e6 3. Bg5 c5 4. e3 cxd4 5. exd4 Be7 6. Nbd2 h6 7. Bh4 b6 8. Bd3
Ba6 9. Bxa6 Nxa6 10. Qe2 Nb8 11. O-O-O Nc6 12. Kb1 d5 13. Rhg1 Qc8 14. Rc1 b5
15. g4 g5 16. Bg3 Nxg4 17. h4 a6 18. hxg5 hxg5 19. Rh1 Kd7 20. Nb3 Qg8 21. Rhe1
Qg6 22. Ka1 Nf6 23. Na5 Qe4 24. Nxc6 Kxc6 25. Ne5+ Kb7 26. Qd2 Qh7 27. a4 Ne4
28. Qa5 Nxg3 29. fxg3 Rhc8 30. Kb1 Bd6 31. axb5 Bxe5 32. dxe5 Rc5 33. bxa6+ Kc6
34. Qa4+ Kb6 35. Re3 Rb5 36. Qd4+ Kc7 37. Rc3+ Kd8 38. Qa4 Rb6 39. Qa3 Kd7 40.
a7 Qe4 41. Qc5 Qb4 42. Qc7+ Ke8 43. Rb3 Rb7 44. Qxb7 Qxb7 45. Rxb7 1-0

[Event "World Blitz Women 2025"]
[Site "Doha QAT"]
[Date "2025.12.29"]
[Round "10.33"]
[White "Dronavalli, Harika"]
[Black "Lesbekova, Assel"]
[Result "1-0"]
[WhiteTitle "GM"]
[BlackTitle "WCM"]
[WhiteElo "2466"]
[BlackElo "1948"]
[WhiteFideId "5015197"]
[BlackFideId "13713248"]
[EventDate "2025.12.29"]

1. Nf3 f5 2. d3 d6 3. e4 e5 4. Nc3 Nc6 5. d4 fxe4 6. Nxe4 Bg4 7. Bb5 exd4 8. O-O
Qd7 9. Re1 O-O-O 10. Bxc6 Qxc6 11. Bg5 Be7 12. Nxd4 Bxd1 13. Nxc6 bxc6 14. Raxd1
Bxg5 15. Nxg5 Nh6 16. Ne6 Rd7 17. h3 c5 18. Ng5 Nf7 19. Nf3 Kd8 20. Re3 Re8 21.
Ra3 c6 22. Kf1 Rb7 23. b3 Rbe7 24. Ra4 Kc8 25. g3 Kb8 26. Rd2 Re4 27. Ra5 Kb7
28. h4 Kb6 29. Ra3 R8e7 30. c3 Re8 31. Rb2 a5 32. Rd2 R8e7 33. Rb2 Re8 34. Rd2
R8e7 35. c4 Re8 36. Ra4 R8e7 37. a3 R7e6 38. b4 cxb4 39. axb4 axb4 40. Rxb4+ Kc5
41. Rb7 Rf6 42. Ng5 Nxg5 43. hxg5 Rf5 44. Rxg7 Rxc4 45. Kg2 Rg4 46. Rxh7 Rgxg5
47. Ra7 Kb6 48. Ra3 Rd5 49. Re2 Rge5 50. Rb2+ Rb5 51. Rba2 Ra5 52. Rb3+ Rab5 53.
Rf3 Rf5 54. g4 Rg5 55. Rg3 Rb4 56. Kh3 c5 57. Re2 c4 58. f4 Rg8 59. f5 Rb1 60.
Rf2 d5 61. f6 d4 62. f7 Rf8 63. g5 c3 64. g6 Rh1+ 65. Kg2 Rhh8 66. g7 Rxf7 67.
gxh8=Q 1-0

[Event "World Blitz Women 2025"]
[Site "Doha QAT"]
[Date "2025.12.29"]
[Round "10.34"]
[White "Bivol, Alina"]
[Black "Mammadzada, Gunay"]
[Result "1-0"]
[WhiteTitle "IM"]
[BlackTitle "IM"]
[WhiteElo "2360"]
[BlackElo "2390"]
[WhiteFideId "4100123"]
[BlackFideId "13403729"]
[EventDate "2025.12.29"]

1. e4 e5 2. Nf3 Nc6 3. Nc3 Nf6 4. h3 a6 5. d4 exd4 6. Nxd4 Bb4 7. Nxc6 bxc6 8.
Bd3 d6 9. O-O h6 10. Qf3 O-O 11. Ne2 Re8 12. Ng3 Be6 13. Be3 Ba5 14. Rad1 Qb8
15. b3 Bc3 16. Nf5 Bxf5 17. Qxf5 Qb4 18. Kh1 Nxe4 19. a3 Qxa3 20. Bxe4 g6 21.
Qf3 d5 22. Bd3 Bg7 23. Rfe1 Qb4 24. Bd2 Qb6 25. Qg3 c5 26. Qh4 h5 27. Qg5 c6 28.
Rxe8+ Rxe8 29. Re1 Rxe1+ 30. Bxe1 c4 31. bxc4 Qb1 32. Qd2 Bf6 33. cxd5 cxd5 1-0

[Event "World Blitz Women 2025"]
[Site "Doha QAT"]
[Date "2025.12.29"]
[Round "10.35"]
[White "Mamedjarova, Turkan"]
[Black "Munkhzul, Turmunkh"]
[Result "0-1"]
[WhiteTitle "WGM"]
[BlackTitle "WGM"]
[WhiteElo "2216"]
[BlackElo "2271"]
[WhiteFideId "13402005"]
[BlackFideId "4901878"]
[EventDate "2025.12.29"]

1. e4 c5 2. c3 Nf6 3. e5 Nd5 4. d4 cxd4 5. Nf3 Nc6 6. cxd4 d6 7. exd6 Qxd6 8.
Be2 Bf5 9. O-O e6 10. Nc3 Be7 11. Re1 O-O 12. Bc4 Ncb4 13. Re2 Rac8 14. Bxd5
Nxd5 15. Nxd5 Qxd5 16. h3 Bf6 17. Re1 Rfd8 18. Be3 Rc2 19. b3 Rdc8 20. Bf4 h6
21. Be5 Be7 22. Re2 Ba3 23. Rxc2 Rxc2 24. Qe1 Bxh3 25. Qe3 Bf5 26. Ne1 Rc8 27.
Rd1 Qe4 28. Qg3 Bg6 29. Nf3 Rc2 30. Re1 Qd3 31. Qf4 Qf5 32. Qh4 Rc8 33. Qg3 Qd3
34. Qf4 Bb4 35. Rc1 Rxc1+ 36. Qxc1 Qb1 37. Bf4 Ba3 38. Qxb1 Bxb1 39. Nd2 Bxa2
40. Kf1 Bc1 41. Ke2 Bxb3 42. Bb8 Bd5 43. f3 a5 44. Nb1 b5 45. Kd1 Be3 46. Bc7 a4
47. Bd6 Bxd4 0-1

[Event "World Blitz Women 2025"]
[Site "Doha QAT"]
[Date "2025.12.29"]
[Round "10.36"]
[White "Zhu, Chen"]
[Black "Gong, Qianyun"]
[Result "0-1"]
[WhiteTitle "GM"]
[BlackTitle "WGM"]
[WhiteElo "2423"]
[BlackElo "2228"]
[WhiteFideId "8600546"]
[BlackFideId "8602425"]
[EventDate "2025.12.29"]

1. d4 Nf6 2. c3 d5 3. Bf4 e6 4. e3 Bd6 5. Bxd6 Qxd6 6. Nd2 O-O 7. f4 c5 8. g3 b6
9. Qc2 Ng4 10. Ke2 Nc6 11. Kf3 e5 12. dxe5 Ncxe5+ 13. fxe5 Qxe5 14. Re1 Qf6+ 15.
Ke2 Qf2+ 16. Kd1 Nxe3+ 17. Rxe3 Qxe3 18. Bd3 Bg4+ 19. Ne2 Rfe8 20. Re1 c4 21.
Bxh7+ Kh8 22. Nf1 Bxe2+ 23. Qxe2 Qxe2+ 24. Rxe2 0-1

[Event "World Blitz Women 2025"]
[Site "Doha QAT"]
[Date "2025.12.29"]
[Round "10.37"]
[White "Nguyen Hong Anh"]
[Black "Berend, Elvira"]
[Result "1/2-1/2"]
[WhiteTitle "WIM"]
[BlackTitle "WGM"]
[WhiteElo "2010"]
[BlackElo "2265"]
[WhiteFideId "12406732"]
[BlackFideId "4000510"]
[EventDate "2025.12.29"]

1. d4 Nf6 2. c4 e6 3. Nf3 Bb4+ 4. Nc3 O-O 5. g3 d5 6. Qb3 Be7 7. Bg2 Nc6 8. cxd5
exd5 9. O-O Rb8 10. Bf4 Bf5 11. Rfc1 a6 12. Qd1 h6 13. Ne5 Na7 14. Nd3 b6 15. a3
a5 16. b4 Bd6 17. Be5 Re8 18. bxa5 Bxd3 19. Qxd3 Bxe5 20. dxe5 Rxe5 21. axb6
Rxb6 22. Na4 Rbe6 23. Bf3 Ne4 24. Bxe4 Rxe4 25. Nc5 Rxe2 26. Nxe6 Rxe6 27. Rab1
Nc6 28. a4 Ne5 29. Qb5 Kh7 30. Kg2 d4 31. Re1 Qa8+ 32. Qb7 Qxa4 33. Qe4+ Ng6 34.
Qf5 Rf6 35. Qe4 c5 36. h4 Qc6 37. h5 Qxe4+ 38. Rxe4 Nf8 39. Rb5 Rc6 40. Re7 Ne6
41. f4 c4 42. f5 c3 43. fxe6 fxe6 44. Rbb7 d3 45. Rxg7+ Kh8 46. Rgd7 Rc8 47.
Rh7+ Kg8 48. Rbg7+ Kf8 49. Rf7+ Kg8 50. Rhg7+ Kh8 51. Rh7+ Kg8 52. Rfg7+ Kf8 53.
Ra7 Kg8 54. Rag7+ Kf8 55. Rd7 Kg8 56. Rhg7+ Kh8 57. Rh7+ Kg8 58. Rhg7+ Kh8 1/2-1/2

[Event "World Blitz Women 2025"]
[Site "Doha QAT"]
[Date "2025.12.29"]
[Round "10.38"]
[White "Beydullayeva, Govhar"]
[Black "Balajayeva, Khanim"]
[Result "1/2-1/2"]
[WhiteTitle "WGM"]
[BlackTitle "IM"]
[WhiteElo "2364"]
[BlackElo "2351"]
[WhiteFideId "13413015"]
[BlackFideId "13406396"]
[EventDate "2025.12.29"]

1. d4 d5 2. c4 c6 3. cxd5 cxd5 4. Nf3 Nf6 5. Nc3 Nc6 6. Bf4 Bf5 7. Rc1 e6 8. e3
Bd6 9. Bxd6 Qxd6 10. a3 O-O 11. Bd3 Bxd3 12. Qxd3 Rac8 13. O-O h6 14. b4 Ne7 15.
Ne5 a6 16. Na4 Rxc1 17. Rxc1 Rc8 18. Rxc8+ Nxc8 19. Qc2 Ne7 20. Nc5 Qc7 21. Ng4 1/2-1/2

[Event "World Blitz Women 2025"]
[Site "Doha QAT"]
[Date "2025.12.29"]
[Round "10.39"]
[White "Dzagnidze, Nana"]
[Black "Lyutsinger, Iren"]
[Result "1-0"]
[WhiteTitle "GM"]
[BlackTitle "FM"]
[WhiteElo "2469"]
[BlackElo "2169"]
[WhiteFideId "13601903"]
[BlackFideId "34425969"]
[EventDate "2025.12.29"]

1. d4 Nf6 2. c4 g6 3. Nc3 Bg7 4. e4 d6 5. h3 O-O 6. Be3 c6 7. Nf3 e5 8. d5 Nh5
9. g3 f5 10. exf5 gxf5 11. Ng5 Nf6 12. Bg2 h6 13. Nf3 cxd5 14. Nxd5 Nc6 15. O-O
Be6 16. Nh4 Bxd5 17. Bxd5+ Nxd5 18. Qxd5+ Kh7 19. Rad1 Rf6 20. Nxf5 Qd7 21. Nxd6
Qxh3 22. Qe4+ Kh8 23. Nxb7 Raf8 24. Rd6 Rf3 25. Rg6 Nd4 26. Bxd4 exd4 27. Nd6 d3
28. Qg4 Qxf1+ 29. Kxf1 Rxf2+ 30. Ke1 Re2+ 31. Qxe2 dxe2 32. Kxe2 Bxb2 33. Kd3
Kh7 34. Re6 Bc1 35. c5 Rf3+ 36. Kc4 Rxg3 37. c6 Bd2 38. Ne4 Rg4 39. c7 Rg8 40.
Nxd2 Rc8 41. Re7+ Kg6 42. Kd5 Kf5 43. Kc6 h5 44. Kb7 1-0